00942nam a2200229 i 4500001000300000245014600003260009800149300002600247490004000273650006400313700002900377700002900406700002700435830003400462015001800496020002700514040000800541041000800549080001600557008004100573856009800614bg00aInstytucje prawne dyrektywy kapitałowej.nCz. 2 /cred. Mirosław Cejmer, Jacek Napierała, Tomasz Sójka ; aut. Mirosław Cejmer [et al.]. aKraków :bEuropean Centre for Comparative Commercial and Company Law ; :bZakamycze,c2005. a405, [1] s. ;c22 cm.1 aEuropejskie Prawo Spółek ;vt. 2 9aSpółkixprawo wspólnotowe europejskieystan na 2005 r.1 aCejmer, Mirosław.eRed.1 aNapierała, Jacek.eRed.1 aSójka, Tomasz.eRed. aEuropejskie Prawo Spółek ; aPB 17121/2005 a8374442107 (Zakamycze) cBPK0 apol a347.7(4-67) s pl f |000 0 pol  uhttp://koha.tu.koszalin.pl/cgi-bin/koha/opac-detail.pl?biblionumber=51136yKatalog online BPK